Statistiques concernant Culture Générale - Série 251

Cliquez ici pour prendre le quiz!

Statistiques générales

  • Ce quiz a été pris 357 fois
  • Le résultat moyen est 5 sur 10

Statistiques - réponses

QuestionRéponse% Correct
Quel héros de Walt Disney est le maître du chien Pluto ?Mickey
92%
Quelle lettre de l'alphabet grec a la forme d'un triangle ?Delta
80%
Quel mot d'origine italienne désigne une inscription ou dessin sur un mur ?Un graffiti
79%
Quel pays africain a été dirigé par Laurent Gbagbo de 2000 à 2011 ?La Côte d'Ivoire
53%
Quelles danses François Feldman a-t-il chantées en 1989 ?Les valses
52%
A quel groupe doit-on le tube "Money" en 1973 ?Pink Floyd
37%
Qui est l'interprète de la version française de "Bang Bang" en 1966 ?Sheila
33%
D'où sont les filles qui "z'étaient chouettes" selon la chanson d'Adamo ?Du bord de mer
25%
En 1983, qui joue la fiancée de Coluche dans "Banzaï" ?Valérie Mairesse
25%
Comment est l'âme chantée par Michel Polnareff en 1967 ?Câline
13%

Distribution des résultats

Percentile par nombre de réponses

% des personnes avec chaque résultat

Votre développement - résultats

Vous n’avez pas pris ce quiz